000
00327nam a2200145Ia 4500
008
090707b ii f a fnsan d
040
_a
RCL
100
_a
Ghuman,Bikram Singh
_9
19918
245
_a
Sohni mahinwal
260
_a
Amritsar
260
_b
Waris Shah Foundation
260
_c
2006
300
_a
112p.
942
_c
BK
999
_c
21850
_d
21850